Applied hydrology (Record no. 84287)
[ view plain ]
| 000 -LEADER | |
|---|---|
| fixed length control field | 00931nam a2200193 a 4500 |
| 008 - FIXED-LENGTH DATA ELEMENTS--GENERAL INFORMATION | |
| fixed length control field | 120416s1975 ||||||||||||||||| || u |
| 020 ## - INTERNATIONAL STANDARD BOOK NUMBER | |
| International Standard Book Number | 0070994285 |
| 050 ## - LIBRARY OF CONGRESS CALL NUMBER | |
| Classification number | GB 661.2 Lin |
| 100 ## - MAIN ENTRY--PERSONAL NAME | |
| Personal name | Paulhus, Joseph L. H |
| 245 10 - TITLE STATEMENT | |
| Title | Applied hydrology |
| 260 ## - PUBLICATION, DISTRIBUTION, ETC. | |
| Place of publication, distribution, etc. | New Delhi |
| Name of publisher, distributor, etc. | Tata McGraw-Hill |
| Date of publication, distribution, etc. | 1975 |
| 300 ## - PHYSICAL DESCRIPTION | |
| Extent | xiv, 689p. : ill. |
| 350 ## - | |
| -- | 0.00 |
| 700 ## - ADDED ENTRY--PERSONAL NAME | |
| Personal name | Linsley, Ray K |
| 700 ## - ADDED ENTRY--PERSONAL NAME | |
| Personal name | Kohler, Max A |
| 995 ## - | |
| -- | ANNEX COLLECTION (Main Library) |
| -- | 0.00 |
| -- | 712960 |
| -- | CBU-MAIN LIBRARY (Kitwe) |
| -- | 2 |
| -- | 9.95 |
| -- | GB 661.2 Lin |
| -- | 2 |
| -- | AVAILABLE |
| -- | Feb 21, 2007 |
| -- | 002193 |
| -- | Annex Low-Usage Collection |
| 995 ## - | |
| -- | MAIN LIBRARY OPEN ACCESS |
| -- | 0.00 |
| -- | 712958 |
| -- | CBU-MAIN LIBRARY (Kitwe) |
| -- | 3 |
| -- | 9.95 |
| -- | GB 661.2 Lin |
| -- | 3 |
| -- | AVAILABLE |
| -- | Feb 21, 2007 |
| -- | 002195 |
| -- | Main Library Open Access Collection |
| 995 ## - | |
| -- | MAIN LIBRARY OPEN ACCESS |
| -- | 0.00 |
| -- | 712959 |
| -- | CBU-MAIN LIBRARY (Kitwe) |
| -- | 1 |
| -- | 9.95 |
| -- | GB 661.2 Lin |
| -- | 1 |
| -- | AVAILABLE |
| -- | Feb 21, 2007 |
| -- | 002194 |
| -- | Main Library Open Access Collection |
| 999 ## - | |
| -- | 84287 |
| -- | 84287 |
| Withdrawn status | Lost status | Source of classification or shelving scheme | Damaged status | Not for loan | Permanent Location | Current Location | Shelving location | Date acquired | Total Checkouts | Full call number | Barcode | Date last seen | Copy number | Price effective from | Koha item type |
|---|---|---|---|---|---|---|---|---|---|---|---|---|---|---|---|
| CBU-MAIN LIBRARY, KITWE. | CBU-MAIN LIBRARY, KITWE. | 01/25/2024 | GB 661.2 Lin | 002193 | 01/25/2024 | 1 | 01/25/2024 | MONOGRAPH | |||||||
| CBU-MAIN LIBRARY, KITWE. | CBU-MAIN LIBRARY, KITWE. | 01/25/2024 | GB 661.2 Lin | 002195 | 01/25/2024 | 2 | 01/25/2024 | MONOGRAPH | |||||||
| CBU-MAIN LIBRARY, KITWE. | CBU-MAIN LIBRARY, KITWE. | 01/25/2024 | GB 661.2 Lin | 002194 | 01/25/2024 | 3 | 01/25/2024 | MONOGRAPH |